Statistics for Most Populous Province of the Philippines

Click here to take the quiz!

General Stats

  • This quiz has been taken 444 times
  • The average score is 11 of 20

Answer Stats

HintAnswer% Correct
4.17MCebu
94%
3.09MCavite
73%
1.99MQuezon
73%
2.67MLaguna
72%
2.38MBatangas
71%
2.34MPampanga
70%
11.86MMetro Manila
64%
2.92MBulacan
63%
2.48MRizal
63%
2.78MPangasinan
59%
1.79MLeyte
56%
2.02MDavao Del Sur
55%
2.23MIloilo
55%
4.57MNegros Occidental
45%
1.96MNueva Ecija
41%
1.82MCamarines Sur
32%
1.49MIsabela
29%
1.42MMisamis Oriental
26%
1.30MBukidnon
21%
1.37MSouth Cotabato
15%

Score Distribution

Percentile by Number Answered

Percent of People with Each Score

Your Score History

You have not taken this quiz